000 00443nam a2200181Ia 4500
005 20250423095458.0
008 250422s9999 xx 000 0 und d
020 _a9780516203089
050 _aGV 121 .D73/
100 _aDramer, Kim
245 0 _aGames people play : China
260 _aUSA
260 _bChildren’s Press
260 _c1997
300 _a64 p
650 _aRecreation-China-History-Juvenile literature
942 _cBK
999 _c30397
_d30397